MDQL
is popping MORE tags! Check the
thread
!
Quizzes
Events
Quiz Creation
Community
Videos
Private Events
Remove Ads
Sign In
Join for FREE
Feedback
Dark Mode
Quiz Categories
Sports
Geography
Music
Movies
Television
Just For Fun
Miscellaneous
History
Literature
Language
Science
Gaming
Entertainment
Religion
Holiday
For Kids
Quiz Lab
Recent
Popular Today
Quiz Kudos Today
Editor Picks
Curator Picks
Quizzes by...
Day
Popularity
Type
Ratings
Length
Year
Community
Subscriptions
Recent Discussions
Orange Saloon
Badges
Playlists
Quests
Create
Leaderboards
Showdown
Live 5
Trivia Bingo
Activity
Puzzle Library
Sporcle Events
Private Events
Virtual Trivia
Globe League
Become a Host
Pub Owners
SporcleCon
Opinionation
Our Games
Videos
Blog
Mobile Apps
Partnerships
Remove Ads and Go Orange
Feedback
Sports
Athletes
MLB
NBA
NHL
NFL
Soccer
Sports Teams
WWE
NCAA
Football
Premier League
Basketball
Baseball
Hockey
Golf
Tennis
Cricket
Rugby
Auto Racing
Olympics
World Cup
Sports
Athletes
MLB
NBA
NHL
NFL
Soccer
Sports Teams
WWE
NCAA
Football
Premier League
Basketball
Baseball
Hockey
Golf
Tennis
Cricket
Rugby
Auto Racing
Olympics
World Cup
Random Quiz
Search Sporcle
×
Quiz Lab
Quiz Lab
Sports
Cricket
Type in answers that appear in a list
Type in answers that appear in a list
Classic
Best Score? Go Orange.
Leading Test Run Scorer by Year Stats
Can you name the Leading Test Run Scorer by Year?
By
CRaigJ85
15m
86 Questions
337 Plays
337 Plays
337 Plays
Comments
Comments
Give Quiz Kudos
Give Quiz Kudos
-
- Ratings
hide this ad
More Info
Replay
Link that replays current quiz
Next Quiz
Link to next quiz in quiz playlist
You Got
0%
They Got
Avg Score
73%
Avg Friend Score
Upgrade to see
Score Distribution
Jump to the score distribution portion of the page
Score
0/86
Timer
15:00
0
Plays Today
Year
Player
% Correct
1999
Sachin Tendulkar
97.6%
2010
Sachin Tendulkar
97.6%
2005
Ricky Ponting
95.8%
2003
Ricky Ponting
95.8%
1995
Brian Lara
94.7%
2008
Graeme Smith
93.8%
2001
Matthew Hayden
93.8%
1988
Viv Richards
92.9%
1976
Viv Richards
92.9%
2011
Rahul Dravid
92.9%
1991
Graham Gooch
92.3%
1990
Graham Gooch
92.3%
1948
Don Bradman
92%
1946
Don Bradman
92%
1937
Don Bradman
92%
1934
Don Bradman
92%
1932
Don Bradman
92%
1931
Don Bradman
92%
1930
Don Bradman
92%
2007
Jacques Kallis
91.4%
2004
Justin Langer
90.5%
1985
Allan Border
89.9%
1994
Michael Atherton
88.1%
1983
Sunil Gavaskar
86.9%
1979
Sunil Gavaskar
86.9%
1978
Sunil Gavaskar
86.9%
1971
Sunil Gavaskar
86.9%
2002
Michael Vaughan
85.8%
1986
David Gower
85.8%
Year
Player
% Correct
1998
Alec Stewart
85.5%
1997
Sanath Jayasuriya
85.5%
1996
Alec Stewart
85.5%
2000
Inzamam-ul-Haq
83.4%
1993
David Boon
82.5%
1992
David Boon
82.5%
1966
Garry Sobers
82.5%
1960
Garry Sobers
82.5%
1958
Garry Sobers
82.5%
1989
Mark Taylor
82.2%
1922
Herbie Taylor
81.9%
1984
Gordon Greenidge
81.3%
1981
Geoff Boycott
79.8%
1982
Ian Botham
78.9%
2006
Mohammad Yousuf
78%
1980
Greg Chappell
76.9%
1977
Greg Chappell
76.9%
1975
Ian Chappell
76.9%
1951
Len Hutton
76.3%
1949
Len Hutton
76.3%
1939
Len Hutton
76.3%
1926
Jack Hobbs
76.3%
1924
Jack Hobbs
76.3%
1920
Jack Hobbs
76.3%
1938
Wally Hammond
75.7%
1936
Wally Hammond
75.7%
1933
Wally Hammond
75.7%
1929
Wally Hammond
75.7%
1928
Wally Hammond
75.7%
Year
Player
% Correct
1957
Colin Cowdrey
69.1%
1954
Denis Compton
67.1%
1947
Denis Compton
67.1%
1967
Ken Barrington
66.2%
1965
Ken Barrington
66.2%
1963
Ken Barrington
66.2%
1961
Ken Barrington
66.2%
1955
Clyde Walcott
60.8%
1927
Herbert Sutcliffe
59.3%
1925
Herbert Sutcliffe
59.3%
1953
Neil Harvey
57.9%
1950
Neil Harvey
57.9%
1964
Bob Simpson
55.8%
1968
John Edrich
55.5%
1987
Dilip Vengsarkar
52.2%
1974
Dennis Amiss
51.9%
2009
Thilan Samaraweera
47.8%
1962
Ted Dexter
47.5%
1972
Glenn Turner
47.2%
1969
Doug Walters
45.7%
1956
Peter Richardson
45.4%
1973
Keith Fletcher
40.1%
1970
Ian Redpath
37.1%
1952
Vijay Hazare
30%
1935
Bruce Mitchell
23.7%
1959
Colin McDonald
21.4%
1921
Herbie Collins
11%
1923
Jack Russell
6.5%
Quiz Playlist
Details
Report
Send in Message
Add To Playlist
More Info:
Can you name the leading test run scorers from each year after WWI? (Note: No figures from 1940 - 1945.
Classic:
Type in answers that appear in a list
Last Updated: Feb 16, 2017
Quiz Scoreboard
CHALLENGE
Sign Up to Join the Scoreboard
Show All
Scores
Hide
Comments
May contain spoilers
Recently Published
Image Sorting: Flags VI
by Barbecue
Geography
2m
Find the 'City' Movie
by crazypaving
Movies
60s
Colored Red Africa Blitz
by spor1
Geography
45s
More to Explore
Quiz From the Vault
Featured Blog Post
14 Easter Pick-up Lines to Find Eggs With
hide this ad
You Might Also Like...
Tags
Cricket Quiz
Run Scorers
Runs Leaders
test
Today's Top Quizzes in Sports
Browse Sports
hide this ad
Today's Top Quizzes in Cricket
Browse Cricket
Top Contributed Quizzes in Sports
1
Les meilleurs buteurs des matchs entre le PSG et l’OM
2
Les entraîneurs de l'OM et du PSG au 21e siècle
3
Les joueurs passés par le PSG et l'OM
4
2022 World Cup Stars
5
Players with Multiple 50 Home Run Seasons
6
Criteria MLB: Left Handed Sluggers
7
MLB Players with Two .350 Batting Average Seasons
8
Les joueurs passés par le LOSC et le RC Lens
9
NBA Logic Puzzle 2.0
10
Top 10 NHL Goal Scorers of All Time
Explore More
Trending Topics
NBA
Disney
Kpop
Harry Potter
Anime
Marvel
Crossword
WWE
Country
The Office
Pokémon
NFL
Soccer
Song
Puzzle
hide this ad
More By:
CRaigJ85
Quiz
Plays
Rating
Category
Featured
Created
Top 100 Test Cricketers of the 21st Century
3,098
4.86
Sports
Jun 23, 2015
Year Ending Top 10 Tennis of the 2000s (Mens)
1,093
4.20
Sports
Jan 11, 2012
Test Match Centuries in the 1980s
841
5.00
Sports
Aug 27, 2014
100 Goals or more in a VFL/AFL Season
752
4.80
Sports
Oct 28, 2011
Year Ending Top 10 Tennis of the 1990s (Mens)
656
4.67
Sports
Jan 11, 2012
Go to Creator's Profile
Score Distribution
Quiz Creator Spotlight
CRaigJ85
Follow
Send a Message
Quizzes Created
-
Created Quiz Play Count
-
More By This Creator
Popular Quizzes Today
1
Colored Red Africa Blitz
2
Find the US States - No Outlines Minefield
3
Find the 'City' Movie
4
5x2 Blitz: Bands
5
The Countries of the World
6
Find the US States
7
Find the Countries of Europe - No Outlines Minefield
8
US States
More Sports Quizzes
Was I on the team: Miami Dolphins
Curator's Pick
Trending Quizzes
Colored Red Europe Blitz I
Colored Red Europe Blitz II
Colored Red Africa Blitz II
Colored Red Europe Blitz III
Colored Red Africa Blitz III
Recently Updated
How Do You Spell That?
pecheneg
Godzilla Movies
pecheneg
Grab Bag: 4-10 Letters
pecheneg
2024 March Madness Bracket
pecheneg
Famous TV Couples
Peacemaker
Champions League XIs: Real Madrid
pecheneg
Largest US Cities 1790-2010
pecheneg
Rides in Walt Disney World
pecheneg
Most Oscar Losses (Acting)
pecheneg
Beyoncé Albums
pecheneg
Trending Topics
Crossword
Disney
Harry Potter
Marvel
Kpop
Anime
NBA
Soccer
WWE
The Office
Pokémon
Song
Puzzle
Country
NFL
Your Account Isn't Verified!
In order to create a playlist on Sporcle, you need to verify the email address you used during registration. Go to your
Sporcle Settings
to finish the process.
Report this User
Report this user for behavior that violates our
Community Guidelines
.
Details:
Send Report
Go to the Sporcle.com Mobile Site →
Comments